[Event "HCL-C3968"]
[Site "www.playchess.de"]
[Date "2006.01.17"]
[Round "21"]
[White "alauddin"]
[Black "cla114"]
[WhiteElo "937"]
[BlackElo "869"]
[PlyCount "73"]
[Result "1-0"]

1.d4 {Hello!}  d6 {hi there}  2.Nf3 Nc6 3.d5 Ne5 
4.Nxe5 dxe5 5.e4 Nf6 6.Bg5 Nxe4 7.Bf4 exf4 8.Bb5+ 
Bd7 9.Nc3 Nxc3 10.bxc3 Bxb5 11.Qd4 e6 12.Rb1 a6 
13.c4 Ba4 14.Rxb7 Bxc2 15.Kd2 c5 16.Qc3 Be4 17.f3 
Bf5 18.Qa3 Bd6 19.Qa4+ Kf8 20.Rd7 Qe8 21.Qc6 exd5 
22.Qxd6+ Kg8 23.Re7 Qd8 24.Rhe1 Qa5+ 25.Ke2 h5 
26.Qxd5 Be6 27.Qxa8+ Kh7 28.Qe4+ g6 29.Qxf4 Qxa2+ 
30.Kf1 Bxc4+ 31.Kg1 Rd8 32.Rc1 Be2 33.Rxf7+ Qxf7 
34.Qxf7+ Kh6 35.Kf2 Rd2 36.Qf4+ g5 
37.Qxd2 1-0

[Event "HCL-B3835"]
[Site "www.playchess.de"]
[Date "2006.01.17"]
[Round "8"]
[White "PhilipKaveny"]
[Black "RUDI"]
[WhiteElo "1353"]
[BlackElo "1259"]
[PlyCount "41"]
[Result "1-0"]

1.e4 e5 2.Bc4 Nf6 3.Nf3 d6 4.O-O Be7 5.d4 exd4 
6.Nxd4 O-O 7.Bd3 b6 8.f3 d5 9.e5 {Sorry about that 
last draw it was a bit lame on my part}  Nfd7 
{both parts!}  10.f4 Bc5 11.c3 Nc6 12.Kh1 {You are 
being difficult. By the way your English seems 
very natural}  Bxd4 {1.thanks, 2.thanks. First 
wife was from NYC. I beat Skipper three times now 
- it can be done...
}  13.cxd4 {I rolled him once but anything can 
happen}  g6 14.Be3 {By the way I figured out how 
to enlarge the board on my screen}  a5 
{interesting, how?}  15.f5 {You Have an settings 
preference page  www.playchess.com that allows you 
to choose three screen sizes. I will send you the 
link}  Ndb8 {great, thanks.}  16.f6 Be6 17.Qe1 Bd7 
18.Qh4 Nb4 19.Qh6 Qxf6 {I must have been 
sleeping!}  20.exf6 {I was wondering}  Nxd3 {weird 
thing, just saw I got promoted to A...}  21.Qg7+ 
{we are exactly even now. I think it is good for 
my game to play becuase usaully you are very 
accurate}  1-0

[Event "HCL-C3982"]
[Site "www.playchess.de"]
[Date "2006.01.17"]
[Round "4"]
[White "JerryReneau"]
[Black "daveboy6968"]
[WhiteElo "1117"]
[BlackElo "991"]
[PlyCount "85"]
[Result "1/2-1/2"]

1.d4 d5 {good luck}  2.e3 Bf5 3.a3 c6 4.Bd3 Bxd3 
5.Qxd3 Nf6 6.Nf3 g6 7.O-O Ne4 8.Nc3 Nxc3 9.Qxc3 f6 
10.b3 a6 11.Bd2 e6 12.Qd3 Qd6 13.Bb4 Qc7 14.Bxf8 
Rxf8 15.c4 b6 16.Rfc1 Nd7 17.b4 c5 18.cxd5 exd5 
19.dxc5 bxc5 20.Qxd5 Rf7 21.Qxa8+ Ke7 22.Qxa6 Rf8 
23.Nd4 Rd8 24.Nc6+ Ke8 25.Nxd8 Qxd8 26.Qe6+ Kf8 
27.bxc5 Ne5 28.a4 Nd3 29.Rcd1 Qe7 30.Qxe7+ Kxe7 
31.Rxd3 Ke6 32.Rb1 Ke5 33.Rb4 h6 34.c6 g5 35.c7 h5 
36.c8R Kf5 37.Rc5+ Kg6 38.Rd6 h4 39.h3 Kf7 40.f4 
gxf4 41.Rxf4 Ke7 42.Rfxf6 Ke8 43.Rc7 1/2-1/2

[Event "ACL-A638"]
[Site "www.playchess.de"]
[Date "2006.01.17"]
[Round "10"]
[White "BruceA"]
[Black "ETC_Chess"]
[WhiteElo "1500"]
[BlackElo "1891"]
[PlyCount "93"]
[Result "1-0"]

1.d4 {Hi, I live north of Philadelphia, PA. Where 
do you live?}  e6 {I live in Radcliff, KY!  It is 
about 35 miles south of Louisville, KY.}  2.e4 {I 
was born in Lexington, Father from Louisville, 
Mother from Crofton in W Ky.You must be close to 
Bardstown-bourbon country}  d5 {Yes, I'm not too 
far from Bardstown.  I go there and play in the 
Nelson Co. Chess Club about once a month! ;-))}  
3.Nc3 {Do you like live or internet chess better?} 
 Bb4 {I prefer live chess!  I go to a local club 
every Tuesday evening and there are rated 
tournaments every Sunday, Monday and Thursday 
nights that I can go to!  I usually try to play in 
at least one of these a week.}  4.e5 {I'm still 
trying to find a local club.}  c5 5.a3 Bxc3+ 
6.bxc3 Ne7 7.Rb1 Nbc6 8.Nf3 Nf5 9.dxc5 O-O 10.Bd3 
Qc7 11.O-O Nxe5 12.Nxe5 {What do you do for a 
living? I am a Project Manager. Hope you have a 
nice Labor Day}  Qxe5 {I'm a mathematics college 
professor.}  13.Qg4 {Do you find the game adds to 
your knowledge or is an extension of math?}  Rd8 
{I just play because I enjoy the game!}  14.c4 
dxc4 15.Qxc4 Qd4 16.Qxd4 Rxd4 17.Rd1 f6 18.h3 h5 
19.Be2 h4 20.Rb4 Rxb4 21.axb4 a5 22.Rd8+ Kf7 23.b5 
Ke7 24.Rh8 Kf7 25.Bh5+ g6 26.Rh7+ Ng7 27.Bf3 g5 
28.c4 Kg8 29.Rh6 Nf5 30.Rxf6 Nd4 31.Bxg5 Nxf3+ 
32.Rxf3 a4 33.Ra3 e5 34.Bxh4 e4 35.Bg3 Kf7 36.c6 
bxc6 37.bxc6 Be6 38.c7 Ke7 39.h4 Kd7 40.h5 Bxc4 
41.h6 Bb3 42.Be5 Ke6 43.Bb2 Kd6 44.h7 Kxc7 45.g4 
Kd7 46.Rxb3 axb3 47.g5 1-0

[Event "HCL-A2562"]
[Site "www.playchess.de"]
[Date "2006.01.17"]
[Round "7"]
[White "q77ro"]
[Black "Macko"]
[WhiteElo "1468"]
[BlackElo "1766"]
[PlyCount "36"]
[Result "0-1"]

1.e4 Nc6 2.Nf3 d6 3.Bb5 Bd7 4.O-O e5 5.d4 Nxd4 
6.Bxd7+ Qxd7 7.Nxd4 exd4 8.Qxd4 c5 9.Qe3 O-O-O 
10.b4 Nf6 11.bxc5 dxc5 12.c4 Qd4 13.Nc3 Qxc4 14.e5 
Ng4 15.Qg3 Rd3 16.f3 Qd4+ 17.Kh1 Nxe5 18.Nb5 
Qxa1 0-1

[Event "HCL-E1502"]
[Site "www.playchess.de"]
[Date "2006.01.17"]
[Round "25"]
[White "PLAYCHESS1963"]
[Black "Vince"]
[WhiteElo "1728"]
[BlackElo "1737"]
[PlyCount "62"]
[Result "1/2-1/2"]

1.e4 e5 {It wouls be nice to say Hello}  2.Nf3 
{HI}  Nf6 {We start all over}  3.Nc3 {YES}  Nc6 
4.d4 Bb4 5.d5 Nxe4 6.dxc6 Nxc3 7.bxc3 Bxc3+ 8.Bd2 
Bxa1 9.Qxa1 d6 10.Bb5 O-O 11.O-O f6 12.Qb2 bxc6 
13.Bxc6 Ba6 14.Bxa8 Qxa8 15.Rb1 d5 16.Nh4 Qc8 
17.Qa3 c5 18.h3 g5 19.Nf3 h6 20.Nh2 d4 21.Ng4 Kg7 
22.h4 h5 23.Nxf6 Rxf6 24.Bxg5 Rf5 25.Rb3 e4 26.Rg3 
Qc6 27.Qb3 Be2 28.f3 exf3 29.gxf3 Rxf3 30.Rxf3 
{(offering draw)}  Bxf3 31.Qb8 Bh1 {(offering 
draw)}  1/2-1/2

[Event "HCL-E1472"]
[Site "www.playchess.de"]
[Date "2006.01.17"]
[Round "4"]
[White "Deep_Trouble"]
[Black "Rich2003"]
[WhiteElo "1576"]
[BlackElo "1956"]
[PlyCount "82"]
[Result "0-1"]

1.d4 {Saludos desde ee.uu. y buena suerte.}  e6 
{Saludos, tienes una contraparte que juega con 
negras tambien ?}  2.Nf3 {Desculpa, que quiere 
decir "contraparte"?}  Nf6 {Que tambien estas 
jugando con negras contra mi en este mismo torneo} 
 3.Bg5 {Ah, claro que si.}  d5 4.e3 Be7 5.Bd3 
{Felicitaciones a los ticos que calificaron para 
el mundial.}  h6 6.Bh4 O-O 7.Nbd2 c5 8.c3 b6 9.O-O 
Bb7 {In the other game I had to eat the bishop, I 
played automatically Qb1 !}  10.Ne5 {Yes, I saw 
that.  I don't even remember why I played ...Ba4.  
I guess I should count myself lucky.}  Nbd7 
11.Ndf3 Nxe5 12.dxe5 Ne4 13.Bxe7 Qxe7 14.Qe2 Rfd8 
15.Rad1 Bc6 16.Bb5 Bxb5 17.Qxb5 a6 18.Qa4 b5 
19.Qa5 Qb7 20.Nd2 Nxd2 21.Rxd2 Rdb8 22.Qa3 Qc7 
23.b3 a5 24.Qb2 Qxe5 25.Qc2 a4 26.Qd3 axb3 27.axb3 
Ra3 28.Rb2 b4 29.Rc1 bxc3 30.Rbc2 Rbxb3 31.f4 Qf5 
32.Qxf5 exf5 33.Kf1 d4 34.Ke2 Rb2 35.exd4 Rxc2+ 
36.Rxc2 cxd4 37.Kd3 Ra4 38.Re2 Kf8 39.Re1 Ra2 
40.Re2 Rxe2 41.Kxe2 Ke7 0-1

[Event "HCL-A2500"]
[Site "www.playchess.de"]
[Date "2006.01.17"]
[Round "6"]
[White "lunchpail"]
[Black "Curtis"]
[WhiteElo "1307"]
[BlackElo "1407"]
[PlyCount "113"]
[Result "1-0"]

1.d4 d5 2.Nf3 b6 3.e3 Bb7 4.Bd3 g6 5.Nbd2 Nf6 6.b3 
Bg7 7.Bb2 O-O 8.O-O c5 9.Ne5 e6 10.f4 Ne4 11.Bxe4 
dxe4 12.h4 Qxh4 13.Ng4 f5 14.Ne5 Qe7 15.Ba3 Na6 
16.c3 Bxe5 17.fxe5 Rac8 18.Nc4 Rc7 19.Nd6 Bd5 
20.Qe2 Nb8 21.Rad1 Nd7 22.Qf2 a6 23.c4 Ba8 24.Qg3 
Kg7 25.Bb2 h6 26.d5 Kh7 27.Kh2 Rg8 28.Rfh1 Nf8 
29.Kg1 Rd7 30.Qh3 Qg7 31.Ne8 h5 32.Nxg7 Rgxg7 
33.d6 Bc6 34.Kf2 Kh6 35.Qg3 g5 36.Qh3 h4 37.g3 Ng6 
38.gxh4 g4 39.Qg3 Kh5 40.Rh2 Rg8 41.Rdh1 b5 42.Kg2 
bxc4 43.bxc4 Ba4 44.Ba3 Bc2 45.Bxc5 Bd3 46.Bd4 
Bxc4 47.Qf2 Rb8 48.Kg3 Bd3 49.Qd2 Rb5 50.Qc3 Rb8 
51.Rb2 Rf8 52.Qc6 Rdf7 53.Rb7 f4+ 54.exf4 Nxf4 
55.Rxf7 Ne2+ 56.Kg2 Rxf7 57.Be3 1-0

[Event "HCL-A2407"]
[Site "www.playchess.de"]
[Date "2006.01.17"]
[Round "27"]
[White "G501"]
[Black "taroak"]
[WhiteElo "1441"]
[BlackElo "1516"]
[PlyCount "72"]
[Result "0-1"]

1.Nf3 {Greetings, have a nice game.}  Nf6 {Howdy 
From Charlotte, NC}  2.Nc3 {Greetings from 
Flanders, have a nice game.}  g6 3.d4 Bg7 4.e4 d6 
5.Bc4 O-O 6.O-O c6 7.Be3 b5 8.Bd3 Nbd7 9.Ne2 Nb6 
10.b3 Bg4 11.Nd2 Bxe2 12.Qxe2 Nfd7 13.Rac1 d5 
14.e5 e6 15.c4 a6 16.c5 Nc8 17.a4 h5 18.a5 Ne7 
19.Bg5 Re8 20.b4 Qc7 21.Nf3 Nf8 22.Bf6 Nh7 23.Bxg7 
Kxg7 24.h4 Ref8 25.Ng5 Nxg5 26.hxg5 h4 27.f4 Rfh8 
28.Kf2 Rh5 29.Rfh1 Rah8 30.Rh3 R8h7 31.Rch1 Qc8 
{(offering draw)}  32.Qe3 Qh8 33.Be2 Nf5 34.Qd2 
Ng3 35.Bxh5 Ne4+ 36.Ke3 Nxd2 0-1

[Event "HCL-B3813"]
[Site "www.playchess.de"]
[Date "2006.01.17"]
[Round "9"]
[White "maus"]
[Black "blue"]
[WhiteElo "1297"]
[BlackElo "858"]
[PlyCount "89"]
[Result "1/2-1/2"]

1.e4 c5 2.Nf3 Nc6 3.Bc4 e6 4.e5 d5 5.Bb5 Bd7 
6.Bxc6 Bxc6 7.d4 c4 8.Nc3 Bb4 9.Bd2 Ne7 10.O-O Qc7 
11.a3 Ba5 12.Ng5 h6 13.Nh3 Nf5 14.Bf4 Bxc3 15.bxc3 
Ba4 16.Qb1 Qd7 17.Bd2 Qc6 18.Nf4 Qd7 19.Rc1 Qc6 
20.Qb4 b6 21.Rab1 Rb8 22.Nh5 a5 23.Qb2 Qc7 24.Rce1 
Qc6 25.Qc1 b5 26.g4 Nh4 27.Re3 Ke7 28.Nxg7 Rbg8 
29.Rh3 Nf3+ 30.Rxf3 Rxg7 31.Bxh6 Rxg4+ 32.Rg3 
Rxg3+ 33.fxg3 Qe8 34.Bg5+ Kd7 35.Bf6 Rg8 36.Qd2 
Kc6 37.Kg2 Rg6 38.h4 Qg8 39.Bg5 Qh7 40.Qe2 Rg8 
41.Rc1 Qg6 42.g4 Qh7 {(offering draw)}  43.Kg3 Qg6 
44.Qd2 Kb6 45.Qf2 {(offering draw) well...} 
 1/2-1/2

[Event "HCL-B3802"]
[Site "www.playchess.de"]
[Date "2006.01.17"]
[Round "3"]
[White "taroak"]
[Black "maus"]
[WhiteElo "1450"]
[BlackElo "1310"]
[PlyCount "30"]
[Result "0-1"]

1.d4 e6 2.Qd3 Nf6 3.Bg5 h6 4.Bh4 Be7 5.e4 c6 6.Nc3 
d5 7.f3 b6 8.O-O-O a5 9.Bxf6 Bxf6 10.exd5 cxd5 
11.Nge2 Ba6 12.Qe3 Bg5 13.f4 Bf6 14.g4 g5 15.f5 
Qd6 0-1

[Event "HCL-B3804"]
[Site "www.playchess.de"]
[Date "2006.01.17"]
[Round "9"]
[White "evets"]
[Black "aquiles"]
[WhiteElo "1445"]
[BlackElo "1341"]
[PlyCount "96"]
[Result "0-1"]

1.d4 d5 2.Nf3 Bg4 3.Nbd2 e6 4.e3 Nf6 5.c3 Be7 
6.Qb3 b6 7.Qb5+ Nbd7 8.Ne5 a6 9.Qc6 O-O 10.Nxd7 
Nxd7 11.h3 Bh5 12.g4 Bg6 13.Bg2 f5 14.Nf3 fxg4 
15.hxg4 Bf7 16.Ne5 Nxe5 17.dxe5 b5 18.e4 d4 19.f4 
dxc3 20.Qxc3 c5 21.f5 Bh4+ 22.Ke2 c4 23.f6 gxf6 
24.Rxh4 fxe5 25.Rh6 Bg6 26.Be3 Qc7 27.Rd1 a5 
28.Qe1 b4 29.Qg3 c3 30.Bd4 Qc4+ 31.Ke3 exd4+ 
32.Rxd4 Qxa2 33.bxc3 Rac8 34.c4 Rxc4 35.Rxc4 Qxc4 
36.Qe1 Rd8 37.Kf4 Rf8+ 38.Ke3 e5 39.Rh3 Rf4 40.Qd1 
Bxe4 41.Qd8+ Rf8 42.Qg5+ Bg6 43.Qxe5 Re8 44.Qxe8+ 
Bxe8 45.Bf3 b3 46.Kd2 Qc2+ 47.Ke3 b2 48.Bd5+ 
Bf7 0-1

[Event "HCL-E1533"]
[Site "www.playchess.de"]
[Date "2006.01.17"]
[Round "4"]
[White "HOTSUN"]
[Black "Matu"]
[WhiteElo "1626"]
[BlackElo "1553"]
[PlyCount "55"]
[Result "1/2-1/2"]

1.e4 c6 2.d4 d5 3.exd5 cxd5 4.Nc3 Nf6 5.Nf3 a6 
6.h3 Nc6 7.Be3 Bf5 8.Bd3 Bxd3 9.Qxd3 e6 10.a3 b5 
11.O-O Be7 12.Rfe1 O-O 13.Bg5 h6 14.Bh4 Nd7 
15.Bxe7 Nxe7 16.Ne5 Nxe5 17.Rxe5 Nc6 18.Re2 Qb6 
19.Rd2 Rfc8 20.Ne2 Na5 21.b3 Rc7 22.Rc1 Rac8 23.f4 
Nb7 24.b4 Nd6 25.c3 Ne4 26.Rdc2 R7c4 27.Kf1 R8c6 
28.g3 {(offering draw)}  1/2-1/2

[Event "HCL-B3831"]
[Site "www.playchess.de"]
[Date "2006.01.17"]
[Round "16"]
[White "RUDI"]
[Black "Akkarin"]
[WhiteElo "1237"]
[BlackElo "1333"]
[PlyCount "53"]
[Result "1-0"]

1.e4 {Hello from Germany!}  d6 {Hello from 
Imardin, Kyralia}  2.d4 Nf6 3.Nc3 Nbd7 4.Bd3 e5 
5.d5 c6 6.dxc6 bxc6 7.Nf3 Be7 8.O-O Qc7 9.Be3 O-O 
10.b3 a5 11.Ne2 Ba6 12.c4 c5 13.Ng3 Bb7 14.Nf5 
Rfe8 15.N3h4 Nf8 16.Nxe7+ Rxe7 17.Nf5 Rd7 18.Qf3 
Ng6 19.Bg5 Qd8 20.Rfe1 h6 21.Bxf6 gxf6 22.Nxh6+ 
Kg7 23.Nf5+ Kg8 24.Qh5 Qf8 25.Re3 Bc8 26.Rh3 Qd8 
27.Qh7+ 1-0

[Event "HCL-B3801"]
[Site "www.playchess.de"]
[Date "2006.01.17"]
[Round "1"]
[White "eisbaer17"]
[Black "Varaboca"]
[WhiteElo "1210"]
[BlackElo "1039"]
[PlyCount "69"]
[Result "1-0"]

1.d4 {hi, greeting to canada}  d5 {Salud and good 
luck.Thanks about Canada.}  2.Bf4 {never been in 
canada, but i will, sooner or later}  Nf6 3.e3 Nc6 
{That is good man!!!}  4.Bb5 a6 5.Bxc6+ bxc6 6.Nd2 
g6 7.h3 Nh5 8.Ne2 Nxf4 9.Nxf4 Bg7 10.O-O e5 11.Nd3 
exd4 12.exd4 O-O 13.c3 a5 14.Nf3 Ba6 15.Re1 Bf6 
16.Nde5 Re8 17.Qd2 Qd6 18.Qf4 Re7 19.b3 Kg7 20.Ng5 
h6 21.Ngf3 g5 22.Qg4 Rf8 23.Nh4 Bxe5 24.Nf5+ Kg6 
{IT was very stupid.}  25.Nxd6 {that's right}  
cxd6 26.dxe5 dxe5 27.f4 Bc8 28.Qg3 f6 29.fxg5 fxg5 
30.Rxe5 Ref7 31.Qd3+ Bf5 32.Rxf5 Kg7 33.Raf1 R7xf5 
34.Rxf5 Rxf5 35.Qxf5 1-0

[Event "HCL-A2546"]
[Site "www.playchess.de"]
[Date "2006.01.17"]
[Round "15"]
[White "mrchess"]
[Black "MimiSiku"]
[WhiteElo "1489"]
[BlackElo "1507"]
[PlyCount "75"]
[Result "1-0"]

1.d4 {good luck}  e6 {Thx. Wish you the same!}  
2.e3 d5 3.Bd3 c5 4.c3 c4 5.Bc2 Nf6 6.Nf3 Nc6 7.O-O 
Bd6 8.Nbd2 O-O 9.Ng5 g6 10.f4 Be7 11.Ndf3 b5 
12.Ne5 Nxe5 13.fxe5 Nh5 14.Nf3 a5 15.e4 Bb7 16.g4 
Ng7 17.Bh6 dxe4 18.Nd2 e3 19.Ne4 Bxe4 20.Bxe4 Rb8 
21.Bxe3 Bg5 22.Qf3 Bxe3+ 23.Qxe3 Qh4 24.Qf3 Qg5 
25.Rf2 Rbc8 26.b3 Nh5 27.Kh1 Ng7 28.Raf1 Rc7 
29.Qg3 Ne8 30.h4 Qh6 31.g5 Qg7 32.Bc2 f5 33.exf6 
Qf7 34.Qe5 Rc8 35.Qxb5 Nd6 36.Qe5 Rfd8 37.Re2 Qb7+ 
38.Kg1 1-0

[Event "ACL-F1481"]
[Site "www.playchess.de"]
[Date "2006.01.17"]
[Round "18"]
[White "Goofy"]
[Black "kellywatchthestars"]
[WhiteElo "1896"]
[BlackElo "1902"]
[PlyCount "184"]
[Result "0-1"]

1.d4 {Hallo aus München! Viel Spass! ;o))}  c6 
{yep.. let's go..}  2.e4 d5 3.Nc3 dxe4 4.Nxe4 Nd7 
5.Nf3 Ngf6 6.Ng3 e6 7.Bd3 c5 8.O-O cxd4 9.Nxd4 Bc5 
10.Nb3 Be7 11.Re1 O-O 12.Qf3 a5 13.a4 Bd6 14.Ne4 
Nxe4 15.Bxe4 Qc7 16.Qh3 Nf6 17.Nd2 Nxe4 18.Nxe4 
Be7 19.c3 e5 20.Qh5 f6 21.Be3 Be6 22.Ng3 Rfd8 
23.Qe2 Ra6 24.Qc2 g6 25.f3 f5 26.Nf1 Rad6 27.Qf2 
Bf6 28.f4 e4 29.Ng3 Bh4 30.Bd4 Qd7 31.Re2 Bc4 
32.Ree1 b5 33.axb5 Qxb5 34.Rad1 R6d5 35.Rda1 Rb8 
36.b4 axb4 37.Ra7 Rb7 38.Ra8+ Rd8 39.Rxd8+ Bxd8 
40.cxb4 Qxb4 41.Nf1 Rd7 42.Be3 Bf6 43.Rc1 Kg7 
44.Qc2 Bd3 45.Qa2 Bb2 46.Rd1 Rc7 47.Bf2 Bf6 48.Ne3 
Qd6 49.g3 h6 50.h3 Qc6 51.Qd5 Bb2 52.Qa2 Rb7 53.g4 
Kh7 54.gxf5 gxf5 55.Kh1 Qd7 56.Rg1 Bg7 57.Qa5 Rb5 
58.Qa6 Qf7 59.Qc8 Ra5 60.Be1 Ba6 {erik, welcome 
back in the twenty-ones.. good job at bad 
wiessee..}  61.Qc6 {Thanks, how do you know?? 
;o))}  Ra3 {following your link..}  62.Qc1 Rd3 
63.Rg3 Bb5 64.Qc5 Bd7 65.Qa5 Bf6 66.Kh2 Be6 67.Qa6 
Bh4 68.Rg1 Bd8 69.Rg3 Bf6 70.Ng2 Qd7 71.Bf2 Rxg3 
72.Bxg3 Bd4 73.Be1 e3 74.Qd3 Bc5 75.Qxd7+ Bxd7 
76.Bc3 Bc6 77.Nh4 Be4 78.Kg3 e2 79.Nf3 h5 {merry 
christmas!}  80.Ng5+ Kg6 {happy new year..}  
81.Nf3 {Happy new year! ;o))}  Be3 82.Ne5+ Kh7 
83.Nf3 Kg8 84.Be1 Kf8 85.Nh4 Ke7 86.Ng2 Bc5 87.Bd2 
Ke6 88.Ne1 Kd5 89.Kh4 Kc4 90.Kxh5 Be7 91.h4 Kd4 
92.Ba5 Ke3 0-1

[Event "HCL-A2557"]
[Site "www.playchess.de"]
[Date "2006.01.17"]
[Round "15"]
[White "Matu"]
[Black "scaper"]
[WhiteElo "1528"]
[BlackElo "1402"]
[PlyCount "44"]
[Result "0-1"]

1.e4 c5 {na alles klar? bin immer noch in A, die 
Luft hier ist aber ziemlich dünn ;)}  2.c3 {soweit 
alles klar und viel glück}  e6 3.d4 d5 4.dxc5 Bxc5 
5.exd5 Nf6 6.Bb5+ Bd7 7.Qe2 Nxd5 8.Nf3 Qc7 9.Bxd7+ 
Nxd7 10.O-O O-O 11.a3 Bd6 12.g3 Ne5 13.Nxe5 Bxe5 
14.Nd2 Rfd8 15.f4 Qb6+ {Die andere Partie ging zu 
schnell zu ende!}  16.Qf2 {sorry. das war nicht 
unbedingt so beabsichtigt...}  Bc7 {kann ich gut 
verstehen ...}  17.c4 Ne3 18.c5 Qxc5 {diesen zug 
von dir durchschaue ich noch nicht ...}  19.Ne4 
Qf5 20.Bxe3 Qxe4 21.Bxa7 Rxa7 {ich hoffe mich 
jetzt nicht verrechnet zu haben ...}  22.Qxa7 {ich 
hoffe schon}  Qc6 {ich habe es auch erst ganz spät 
gesehen ..., beabsichtigt war es ganz bestimmt 
nicht; wenn ich mich nicht vertan habe; dann gebe 
ich auf}  0-1

[Event "HCL-B3838"]
[Site "www.playchess.de"]
[Date "2006.01.17"]
[Round "4"]
[White "Shaggydoo"]
[Black "nichju"]
[WhiteElo "1200"]
[BlackElo "993"]
[PlyCount "42"]
[Result "0-1"]

1.d4 {Hello!   :)}  d5 {Hi, nice to meet you}  
2.Nc3 {I used to live in Germany.  I was stationed 
in Vilseck, Germany when I was in the ARMY.}  Nf6 
{So I think your German is very good}  3.f3 {No... 
 my German is bad.}  Nc6 {...but surely better as 
my English}  4.e4 dxe4 5.fxe4 {What part of 
Germany do you live in?}  e5 {I live in Allendorf, 
a small city near Gießen}  6.d5 {I live in Texas, 
USA.}  Nd4 7.Nf3 Bc5 8.Nxe5 O-O 9.Bg5 h6 10.Bh4 g5 
11.Bg3 Bg4 12.Be2 Bxe2 13.Nxe2 Nxe4 14.Nxd4 Qxd5 
15.Nef3 g4 16.Nd2 Bxd4 17.Qxg4+ Ng5 18.Bxc7 Rfe8+ 
19.Kd1 Bxb2 20.Rb1 Bc3 21.Bf4 Rad8 0-1

[Event "HCL-C3917"]
[Site "www.playchess.de"]
[Date "2006.01.17"]
[Round "3"]
[White "Grunert"]
[Black "schachsky"]
[WhiteElo "1048"]
[BlackElo "1184"]
[PlyCount "59"]
[Result "1-0"]

1.e4 e5 {Da sind wir wieder. Viel Spass beim Spiel 
zugewünscht!}  2.d3 {Dir auch!}  c5 3.Nf3 Nc6 4.g3 
Nf6 5.Bg2 Be7 6.O-O O-O 7.Nc3 d6 8.a3 Nd4 9.Nxd4 
cxd4 10.Ne2 Bg4 11.Qe1 b5 12.b4 Rc8 13.Qd2 Qd7 
14.Bb2 Rc7 15.f3 Be6 16.f4 Qc8 17.f5 Bd7 18.Rac1 
a6 19.Bxd4 exd4 20.Nxd4 Bc6 21.Nxc6 Ng4 22.Bh3 
Nxh2 23.Nxe7+ Kh8 {Oops, aber nie wieder diese 
Jahr!
Alle Gutes für das neuen Jahr!}  24.Nxc8 Rfxc8 
25.Kxh2 {Wünsche ich auch!!!}  f6 26.Qf4 R7xc2+ 
27.Rxc2 Rxc2+ 28.Bg2 Rc6 29.Rd1 Kg8 
30.Rc1 1-0

[Event "HCL-T258"]
[Site "www.playchess.de"]
[Date "2006.01.17"]
[Round "12"]
[White "Goofy"]
[Black "hal1958"]
[WhiteElo "2000"]
[BlackElo "1482"]
[PlyCount "57"]
[Result "1-0"]

1.b4 c6 {have a nice game}  2.Bb2 {Same to you! 
;o))}  Qb6 3.Bc3 d5 4.Nf3 Bf5 5.e3 Nd7 6.a4 Ngf6 
7.a5 Qc7 8.Be2 e5 9.d3 Be7 10.O-O O-O 11.Nbd2 h6 
12.Nb3 a6 13.h3 e4 14.Nfd4 Bg6 15.f4 exf3 16.Bxf3 
Ne5 17.Be2 b6 18.Qe1 c5 19.Nf5 Bxf5 20.Rxf5 Ned7 
21.axb6 Qxb6 22.bxc5 Bxc5 23.Bd4 Bxd4 24.Nxd4 Rfe8 
25.Qg3 Qb2 26.Raf1 Qb8 27.R5f4 Qe5 28.Nf5 Nh7 
29.Nxh6+ 1-0

[Event "HCL-B3833"]
[Site "www.playchess.de"]
[Date "2006.01.17"]
[Round "12"]
[White "Skipper_Robert"]
[Black "PhilipKaveny"]
[WhiteElo "1044"]
[BlackElo "1353"]
[PlyCount "64"]
[Result "0-1"]

1.d4 g6 {Heh Heh}  2.e4 d6 3.Nc3 Bg7 4.Be3 Nf6 
5.Bd3 O-O 6.Qe2 Nc6 7.Nf3 Ng4 8.h3 Nxe3 9.fxe3 e5 
10.d5 Nb4 11.a3 Nxd3+ 12.Qxd3 f5 13.exf5 Bxf5 
14.Qd2 e4 15.Nd4 Qh4+ 16.Qf2 Qxf2+ 17.Kxf2 Bxh3+ 
18.Ke1 Bxg2 19.Ke2 Bxh1 20.Rxh1 Bxd4 21.exd4 Rf5 
22.Nxe4 Re8 23.Ke3 Rxd5 24.c3 c5 25.Kd3 Kg7 26.Rf1 
cxd4 27.cxd4 Rf8 28.Rxf8 Kxf8 29.Nf6 Rh5 30.Nd7+ 
Ke7 31.Nb8 Rf5 32.Ke4 Rf8 0-1

[Event "HCL-A2465"]
[Site "www.playchess.de"]
[Date "2006.01.17"]
[Round "1"]
[White "Matu"]
[Black "player_reh"]
[WhiteElo "1537"]
[BlackElo "1471"]
[PlyCount "157"]
[Result "1-0"]

1.e4 e6 2.d4 g6 3.Be3 Bg7 4.c3 Nf6 5.Nd2 d6 6.Bb5+ 
Bd7 7.Qb3 b6 8.h3 a6 9.Bxd7+ Nbxd7 10.Ne2 c5 11.f3 
Qc7 12.dxc5 bxc5 13.O-O O-O 14.Rfd1 d5 15.exd5 
Nxd5 16.Bf2 Qe5 17.Qc4 Rfc8 18.Qe4 f5 19.Qxe5 Nxe5 
20.f4 Nd3 21.Nc4 Nxf2 22.Kxf2 Rab8 23.Kf3 Rce8 
24.g4 Bf6 25.g5 Bd8 26.Rd2 Bc7 27.h4 Kg7 28.Ne3 
Nxe3 29.Kxe3 Rbd8 30.Rad1 Rxd2 31.Rxd2 Re7 32.Kf3 
h5 33.Nc1 e5 34.fxe5 Bxe5 35.Nd3 Bd6 36.Nf4 Bxf4 
37.Kxf4 Re4+ 38.Kg3 Kf7 39.Rd7+ Re7 40.Rd5 c4 
41.Rc5 Rb7 42.Rxc4 Rb6 43.b4 Ke6 44.a4 Kd5 45.Rd4+ 
Ke5 46.Rc4 Rd6 47.b5 a5 48.Rc5+ Rd5 49.Rc8 f4+ 
50.Kf2 Rd2+ 51.Ke1 Rb2 52.Rc6 Kf5 53.Rf6+ Kg4 
54.Rxg6 Kxh4 55.Rg8 f3 56.g6 f2+ 57.Kf1 Kg3 58.Rf8 
Rb1+ 59.Ke2 Re1+ 60.Kd2 Re7 61.c4 Kg2 62.c5 f1Q 
63.Rxf1 Kxf1 64.c6 h4 65.b6 h3 66.b7 Re2+ 67.Kd3 
h2 68.b8Q h1Q 69.Qf4+ Kg2 70.Qg4+ Kf1 71.Qf4+ Kg2 
72.Kxe2 Qh5+ 73.Ke3 Qc5+ 74.Qd4 Qg5+ 75.Kd3 Qg3+ 
76.Kc4 Qxg6 77.Kc5 Qe8 78.c7 Qe7+ 
79.Kc6 1-0

[Event "HCL-B3799"]
[Site "www.playchess.de"]
[Date "2006.01.17"]
[Round "6"]
[White "gronico"]
[Black "gordi"]
[WhiteElo "1121"]
[BlackElo "1267"]
[PlyCount "78"]
[Result "1-0"]

1.e4 {hi ! we meet again!good luck}  e5 {Hi again. 
Enjoy the game.}  2.Bc4 Nf6 3.Nc3 Bb4 4.Nf3 h6 
5.a3 Bxc3 6.bxc3 Nxe4 7.Qe2 d5 8.Nxe5 O-O 9.Bb3 
Re8 10.d4 Nxc3 11.Qd3 Ne4 12.O-O Bf5 13.Qb5 c6 
14.Qxb7 Nd7 15.Nxc6 Nd6 16.Nxd8 Nxb7 {Fatal error 
of mine.}  17.Nxb7 {this is not the end yet !}  
Re2 18.Bxd5 Nb6 19.Bb3 Bxc2 20.Bxc2 Rxc2 21.Nc5 
Nd5 22.Be3 a5 23.Rfc1 Rb2 24.Nd3 Rbb8 25.Rc5 Nf6 
26.h3 a4 27.Rac1 Rb3 28.R5c3 Rb7 29.Ne5 Nd5 
30.R3c5 Ne7 31.R5c7 Rxc7 32.Rxc7 Nd5 33.Rxf7 Nxe3 
34.fxe3 Rb8 35.Ra7 Rb1+ 36.Kh2 Rb3 37.Rxa4 Rxe3 
38.Ra8+ Kh7 39.a4 Rd3 1-0

[Event "HCL-A2519"]
[Site "www.playchess.de"]
[Date "2006.01.17"]
[Round "16"]
[White "schachsky"]
[Black "GED"]
[WhiteElo "1141"]
[BlackElo "1431"]
[PlyCount "52"]
[Result "0-1"]

1.e4 {Have a nice game!}  c5 {thanks - you too!}  
2.Bc4 e6 3.Nf3 Nc6 4.d3 d5 5.Bb5 a6 6.Bxc6+ bxc6 
7.c3 Nf6 8.Nbd2 dxe4 9.dxe4 Be7 10.O-O {a merry 
Christmas to you and your family!}  O-O {thanks 
you too!}  11.c4 Qc7 12.b3 Rd8 13.Qe2 a5 14.a4 e5 
15.Bb2 {Best wishes for 2006!}  Nd7 {thanks you 
too!}  16.Rad1 Rb8 17.Qe3 Nb6 18.Bxe5 Bd6 19.Bc3 
Bg4 20.Bxg7 Bxf3 21.Qg5 Bxh2+ 22.Kh1 Qf4 23.Bh6+ 
Qxg5 24.Bxg5 Bxd1 25.Bxd8 Rxd8 26.Rxd1 
Bf4 0-1